200 años de barcelona : el libro negro del bicentenario /

Guardado en:
Autor Principal: Bekinschtein, Ingrid
Otros Autores: Lucano, Mariano, Marchetti, Pablo
Formato: Libro
Publicado: Buenos Aires : Gente Grossa, 2009
Materias:
Etiquetas: Agregar Etiqueta
Sin Etiquetas, Sea el primero en etiquetar este registro!
LEADER 00771nam a22002535a 4500
001 CEM.cems014125
005 20131007171730.0
008 130507s2009##################000#0#####d
003 CEMS
020 |a 9789872281274 
082 0 4 |a A867.4 
100 1 |a Bekinschtein, Ingrid 
245 1 0 |a 200 años de barcelona :  |b el libro negro del bicentenario /  |c Ingrid Bekinschtein, Mariano Lucano y Pablo Marchetti 
260 |a Buenos Aires :  |b Gente Grossa,  |c 2009 
300 |a 160 p. 
653 |a Historia universal 
653 |a Humor 
653 |a Historieta 
653 |a Historia argentina 
653 |a Humor gráfico 
653 |a Humor argentino 
700 1 |a Lucano, Mariano 
700 1 |a Marchetti, Pablo 
859 |a CEMS  |b BIB. CEMS - 11 de abril  |h A867.4  |i B424  |p 26735.13  |t Ej.1